EKOMSTAT '2000 Aplikácie štatistických metód v hospodárskej praxi

Na minha lista:
Detalhes bibliográficos
Outros Autores: Chajdiak, Jozef, Luha, Ján
Formato: Livro
Idioma:eslovaco
Publicado em: Bratislava Slovenská štatistická a demografická spoločnosť 2000
Assuntos:
Tags: Adicionar Tag
Sem tags, seja o primeiro a adicionar uma tag!

MARC

LEADER 00000nam a2200000 4500
001 c119603
005 20240111125621.0
020 |a 80-88946-04-2 
041 0 |a slo 
044 |a SK 
245 1 0 |a EKOMSTAT '2000  |b Aplikácie štatistických metód v hospodárskej praxi  |c [Zostav. Jozef Chajdiak, Ján Luha] 
264 1 |a Bratislava  |b Slovenská štatistická a demografická spoločnosť  |c 2000 
300 |a 196 s. 
610 2 0 |a štatistika 
610 2 0 |a štatistika matematická 
610 2 0 |a vývoj hospodársky 
610 2 0 |a prognózy hospodárske 
610 2 0 |a zamestnanosť 
610 2 0 |a modelovanie ekonometrické 
700 1 |a Chajdiak, Jozef 
700 1 |a Luha, Ján